Concept of rebirth/ (Record no. 8737)

000 -LEADER
fixed length control field 00320nam a22001451a 4500
020 ## - INTERNATIONAL STANDARD BOOK NUMBER
ISBN 9788170815891
082 ## - DEWEY DECIMAL CLASSIFICATION NUMBER
Classification number 202.3
Item number SAL/C
100 ## - MAIN ENTRY--AUTHOR NAME
Personal name Salila Nayak
245 ## - TITLE STATEMENT
Title Concept of rebirth/
Statement of responsibility, etc by Salila Nayak
260 ## - PUBLICATION, DISTRIBUTION, ETC. (IMPRINT)
Place of publication Delhi:
Name of publisher Nag,
Year of publication 2004.
300 ## - PHYSICAL DESCRIPTION
Number of Pages 601p.
650 ## - SUBJECT ADDED ENTRY--TOPICAL TERM
Topical Term Rebirth
650 ## - SUBJECT ADDED ENTRY--TOPICAL TERM
Topical Term Religion
942 ## - ADDED ENTRY ELEMENTS (KOHA)
Koha item type Book
Holdings
Withdrawn status Lost status Damaged status Not for loan Permanent Location Current Location Date acquired Cost, normal purchase price Full call number Accession Number Cost, replacement price Price effective from Koha item type Shelving location
        Sree Sankaracharya University of Sanskrit Sree Sankaracharya University of Sanskrit 08.01.2015 133.00 202.3 SAL/C 046237 0.00 08.01.2015 Book  
        Sree Sankaracharya University of Sanskrit Sree Sankaracharya University of Sanskrit 16.09.2015 350.00 202.3 SAL/C 079310   16.09.2015 Book Stacks